• 首页
  • 本馆介绍
  • 公告通知
  • 最新文献
  • 馆藏检索
  • 电子资源
  • 读者导购
  • 参考咨询
  • 我的图书馆
  • 登录
  • 详细信息显示
  • 放入我的书架
  • 预约/预借图书
  • 作者相关作品
  • 分类相关作品
  • 丛书相关作品
  • 出版社相关作品

书目信息

  • 表格格式
  • 工作单格式
  • 卡片格式
题名:
三国志
    
 
作者: 陈寿 著 ;冯慧娟 编
分册:  
出版信息: 长春   吉林出版集团有限责任公司  2019
页数: 157页
开本: 22cm
丛书名: 全民阅读·经典小丛书
单 册:
中图分类: K236.042
科图分类:
主题词: 三国时代--San Guo Shi Dai--古代史--纪传体
电子资源:
ISBN: 978-7-5534-7594-3
000 01098nam 2200289 45
001 012001012230
005 20141124090611.0
010    @a978-7-5534-7594-3@dCNY32.00
099    @aCAL 012016072026
100    @a20160615d2015 em y0chiy50 ea
101 0  @achi
102    @aCN@b220000
105    @aa z 000yy
106    @ar
200 1  @a三国志@ASan Guo Zhi@f(西晋) 陈寿著@g冯慧娟编
210    @a长春@c吉林出版集团有限责任公司@d2019
215    @a157页@c图@d22cm
225 2  @a全民阅读·经典小丛书@AQuan Min Yue Du·Jing Dian Xiao Cong Shu@v023
330    @a《三国志》是我国著名史学家陈寿撰写的史学名著,记载了从魏文帝黄初元年(220)到晋武帝太康元年(280)魏、蜀、吴三国鼎立时期的历史,包括《魏书》三十卷,《吴书》二十卷,《蜀书》十五卷,共计六十五卷。
410  0 @12001 @a全民阅读·经典小丛书@v023
605    @a《三国志》@A《San Guo Zhi》@x译文
606 0  @a三国时代@ASan Guo Shi Dai@x古代史@x纪传体
690    @aK236.042@v5
701  0 @a陈寿@AChen Shou,@f233-297@4著
702  0 @a冯慧娟@AFeng Hui Juan@4编
801  2 @aCN@b上海新华@c20191020
905    @b1178781-4@dK236.042@e117@f4
    
    三国志/(西晋) 陈寿著/冯慧娟编.-长春:吉林出版集团有限责任公司,2019
    157页:图;22cm.-(全民阅读·经典小丛书;023)
    
    
    ISBN 978-7-5534-7594-3:CNY32.00
    《三国志》是我国著名史学家陈寿撰写的史学名著,记载了从魏文帝黄初元年(220)到晋武帝太康元年(280)魏、蜀、吴三国鼎立时期的历史,包括《魏书》三十卷,《吴书》二十卷,《蜀书》十五卷,共计六十五卷。
●
相关链接 在E读中查询图书 在五车中查询图书 在当当中查询图书 在豆瓣中查询图书


正题名:三国志     索取号:K236.042/117         预约/预借

序号 登录号 条形码 馆藏地/架位号 状态 备注
1 1178781   211787814   第二样本阅览室/ [索取号:K236.042/117] 在馆    
2 1178782   211787823   第二借阅区/ [索取号:K236.042/117] 在馆    
3 1178783   211787832   第二借阅区/ [索取号:K236.042/117] 在馆    
4 1178784   211787841   第二借阅区/ [索取号:K236.042/117] 在馆    
唐山师范学院图书馆 欢迎您!
大连网信软件有限公司© 版权所有